MDQL
is popping MORE tags! Check the
thread
!
Quizzes
Events
Quiz Creation
Community
Videos
Private Events
Remove Ads
Sign In
Join for FREE
Feedback
Dark Mode
Quiz Categories
Sports
Geography
Music
Movies
Television
Just For Fun
Miscellaneous
History
Literature
Language
Science
Gaming
Entertainment
Religion
Holiday
For Kids
Quiz Lab
Recent
Popular Today
Quiz Kudos Today
Editor Picks
Curator Picks
Quizzes by...
Day
Popularity
Type
Ratings
Length
Year
Community
Subscriptions
Recent Discussions
Orange Saloon
Badges
Playlists
Quests
Create
Leaderboards
Showdown
Live 5
Trivia Bingo
Activity
Puzzle Library
Sporcle Events
Private Events
Virtual Trivia
Globe League
Become a Host
Pub Owners
SporcleCon
Opinionation
Our Games
Videos
Blog
Mobile Apps
Partnerships
Remove Ads and Go Orange
Feedback
Literature
Harry Potter
A Song of Ice and Fire
The Hunger Games
Literary Character
Shakespeare
Book
Author
Novel
Poem
Young Adult
Children's Books
Play
Lord of the Rings
Literature
Harry Potter
A Song of Ice and Fire
The Hunger Games
Literary Character
Shakespeare
Book
Author
Novel
Poem
Young Adult
Children's Books
Play
Lord of the Rings
Random Quiz
Search Sporcle
×
Quiz Lab
Quiz Lab
Literature
Author
Type in answers that appear in a list
Type in answers that appear in a list
Classic
Best Score? Go Orange.
NOT Twilight Stats
Can you name the Books filling in the blanks?
By
Malkore
10m
23 Questions
211 Plays
211 Plays
211 Plays
Comments
Comments
Give Quiz Kudos
Give Quiz Kudos
-
- Ratings
hide this ad
More Info
Replay
Link that replays current quiz
Next Quiz
Link to next quiz in quiz playlist
You Got
0%
They Got
Avg Score
59%
Avg Friend Score
Upgrade to see
Score Distribution
Jump to the score distribution portion of the page
Score
0/23
Timer
10:00
0
Plays Today
Fill in the Book
Book
% Correct
_
arry/
Po_
_
er/
and/
_
_
E/
Dea_
_
_
Y/
_
a_
_
o_
s
Harry Potter and the Deathly Hallows
95.7%
A_
_
ce's/
Adve_
ures/
_
n/
_
onder_
and
Alice's Adventures in Wonderland
88.2%
_
_
e/
_
_
ree/
Muske_
ee_
s
The Three Musketeers
82%
_
_
_
_
_
_
_
_
Twilight
81%
A/
c_
r_
s_
mas/
Caro_
A Christmas Carol
77.3%
_
reasure/
_
s_
a_
d
Treasure Island
75.4%
_
_
e/
Adven_
ures/
of/
_
uck_
eberry/
F_
nn
The Adventures of Huckleberry Finn
72.5%
_
a_
/
and/
Peace
War and Peace
70.6%
_
_
e/
_
rea_
/
_
a_
sby
The Great Gatsby
68.2%
Jour_
ey/
_
o/
_
_
e/
Ce_
_
re/
of/
_
_
e/
ea_
_
_
Journey to the Centre of the Earth
67.8%
_
am_
e_
Hamlet
65.4%
_
es/
M_
serab_
es
Les Miserables
64%
Fill in the Book
Book
% Correct
O_
_
ver/
_
_
_
s_
Oliver Twist
56.9%
_
ar/
of/
_
_
e/
_
or_
ds
War of the Worlds
55.9%
_
_
_
_
_
e/
_
omen
Little Women
52.1%
Cr_
me/
a_
d/
Pu_
_
s_
me_
_
Crime and Punishment
51.2%
A/
_
a_
e/
of/
_
_
o/
C_
_
_
es
A Tale of Two Cities
50.7%
_
_
e/
S_
_
n_
n_
The Shining
42.2%
_
_
e/
fa_
_
/
of/
_
_
e/
_
ouse/
of/
Us_
er
The Fall of the House of Usher
35.5%
_
_
e/
_
_
_
c_
es
The Witches
34.1%
_
_
e/
P_
_
/
and/
_
_
e/
Pendu_
um
The Pit and the Pendulum
29.9%
_
u_
_
_
vers/
_
rave_
s
Gullivers Travels
26.5%
D_
_
_
ta_
/
For_
ress
Digital Fortress
22.3%
Quiz Playlist
Details
Report
Send in Message
Add To Playlist
More Info:
This is for those of us that know there are more books out there rather than the Twilight series
Classic:
Type in answers that appear in a list
Last Updated: Feb 16, 2017
Quiz Scoreboard
CHALLENGE
Sign Up to Join the Scoreboard
Show All
Scores
Hide
Comments
May contain spoilers
Recently Published
Holiday 10x10 Sorting Gallery
by lukepisani3
Holiday
15m
Two Season TV Shows II
by 123Four
Television
10m
Image Sorting: Flags VI
by Barbecue
Geography
2m
More to Explore
Quiz From the Vault
Featured Blog Post
14 Easter Pick-up Lines to Find Eggs With
hide this ad
You Might Also Like...
Tags
Author Quiz
Book Quiz
Novel Quiz
blank
Filling
Today's Top Quizzes in Literature
Browse Literature
hide this ad
Today's Top Quizzes in Author
Browse Author
Top Contributed Quizzes in Literature
1
Sneaky Slytherin Logic Puzzle
2
Criteria Quiz: Harry Potter Deaths
3
Moaning Myrtle's Bathroom: Logic Puzzle
4
Get The Picture: Black or White Literature
5
Logic Puzzle: Avoid Dumbledore's Army
6
Harry Potter logic puzzle: The Hogwarts Soap Opera
7
Weasley Family Reunion: Logic Puzzle
8
'Middle' Earth
9
Missing Word: John Steinbeck Title Images
10
50 Books...Fast and Fatal!
Explore More
Trending Topics
Crossword
Kpop
NBA
Anime
Disney
Harry Potter
Marvel
NFL
Pokémon
The Office
Song
Country
WWE
Soccer
Puzzle
hide this ad
More By:
Malkore
Quiz
Plays
Rating
Category
Featured
Created
Names of Undertakers WWE PPV opponents?
15,520
3.46
Sports
Oct 26, 2009
WWE Theme Songs (clips)
10,026
1.74
Sports
Jun 19, 2010
Batista's WWE PPV Opponents (2002 - 2014)
8,346
3.53
Sports
Nov 16, 2009
Triple H's WWE PPV opponents (1995-2008)
7,770
2.74
Sports
Nov 12, 2009
Triple H's WWE PPV opponents (2008-2015)
5,582
4.00
Sports
Nov 12, 2009
Go to Creator's Profile
Score Distribution
Quiz Creator Spotlight
Malkore
Follow
Send a Message
Quizzes Created
-
Created Quiz Play Count
-
More By This Creator
Popular Quizzes Today
1
Find the US States - No Outlines Minefield
2
Colored Red Africa Blitz
3
Find the 'City' Movie
4
The Countries of the World
5
Find the US States
6
5x2 Blitz: Bands
7
Find the Countries of Europe - No Outlines Minefield
8
US States
More Literature Quizzes
Hogwarts Heads of House
Published
Trending Quizzes
Colored Red Europe Blitz I
Colored Red Europe Blitz II
Colored Red Africa Blitz II
Colored Red Europe Blitz III
Colored Red Africa Blitz III
Recently Updated
Odd Team Out - Big 4 Players
pecheneg
Quick Pick: 20 Twenties
pecheneg
March Madness Men's Triple Doubles
pecheneg
How Do You Spell That?
pecheneg
Godzilla Movies
pecheneg
Grab Bag: 4-10 Letters
pecheneg
2024 March Madness Bracket
pecheneg
Famous TV Couples
Peacemaker
Champions League XIs: Real Madrid
pecheneg
Largest US Cities 1790-2010
pecheneg
Trending Topics
Anime
Kpop
Harry Potter
Disney
NBA
Crossword
Marvel
Soccer
NFL
Pokémon
Puzzle
WWE
Song
Country
The Office
Your Account Isn't Verified!
In order to create a playlist on Sporcle, you need to verify the email address you used during registration. Go to your
Sporcle Settings
to finish the process.
Report this User
Report this user for behavior that violates our
Community Guidelines
.
Details:
Send Report
Go to the Sporcle.com Mobile Site →
Comments